000 00294nam a22001337a 4500
008 170207b xxu||||| |||| 00| 0 eng d
020 _a9780766805040
041 _aeng
080 _26ED
_a61
100 _a4
101 _aSHM
245 _aDOSAGE CALCULATIONS
_cGLORIA PICKAR
942 _2udc
_cBK
999 _c4806
_d4806